Derecho a la información : (Registro nro. 5221)
[ vista simple ]
| 000 -LEADER | |
|---|---|
| fixed length control field | 01001nam a2200229Ia 4500 |
| 003 - CONTROL NUMBER IDENTIFIER | |
| control field | OSt |
| 005 - DATE AND TIME OF LATEST TRANSACTION | |
| control field | 20200418003516.0 |
| 008 - FIXED-LENGTH DATA ELEMENTS--GENERAL INFORMATION | |
| fixed length control field | 191128s1985 ck gr 000 0 spa d |
| 040 ## - CATALOGING SOURCE | |
| Original cataloging agency | CO-JMCR |
| Transcribing agency | CO-JMCR |
| 041 0# - LANGUAGE CODE | |
| Language code of text/sound track or separate title | spa |
| 082 04 - DEWEY DECIMAL CLASSIFICATION NUMBER | |
| Classification number | 323.445 / |
| Item number | U515d |
| Edition number | 23 |
| 100 1# - MAIN ENTRY--PERSONAL NAME | |
| Personal name | Umaña Pavolini, Fernando, |
| Relator term | autor |
| 9 (RLIN) | 3215 |
| 245 10 - TITLE STATEMENT | |
| Title | Derecho a la información : |
| Remainder of title | obras selectas / |
| Statement of responsibility, etc. | Fernando Umaña Pavolini y Andrés Hernández |
| 260 ## - PUBLICATION, DISTRIBUTION, ETC. | |
| Place of publication, distribution, etc. | Bogotá : |
| Name of publisher, distributor, etc. | Cámara de Representantes, |
| Date of publication, distribution, etc. | 1985 |
| 300 ## - PHYSICAL DESCRIPTION | |
| Extent | 290 páginas ; |
| Dimensions | 24 cm. |
| 490 0# - SERIES STATEMENT | |
| Series statement | Pensadores Políticos Colombianos |
| 505 0# - FORMATTED CONTENTS NOTE | |
| Formatted contents note | Contexto internacional : de la libertad de información al derecho, la comunicación -- Colombia historia y libertad de prensa -- Frente nacional, hacia un derecho a la información y a la comunicación -- La reforma política y el derecho a la información |
| 650 14 - SUBJECT ADDED ENTRY--TOPICAL TERM | |
| Topical term or geographic name entry element | Libertad de información |
| 9 (RLIN) | 3213 |
| 650 14 - SUBJECT ADDED ENTRY--TOPICAL TERM | |
| Topical term or geographic name entry element | Libertad de prensa |
| 9 (RLIN) | 3208 |
| 700 1# - ADDED ENTRY--PERSONAL NAME | |
| Personal name | Hernández, Andrés, |
| Relator term | autor |
| 9 (RLIN) | 3216 |
| 942 ## - ADDED ENTRY ELEMENTS (KOHA) | |
| Source of classification or shelving scheme | Dewey Decimal Classification |
| Koha item type | Books |
| Withdrawn status | Lost status | Source of classification or shelving scheme | Damaged status | Not for loan | Collection code | Home library | Current library | Date acquired | Source of acquisition | Cost, normal purchase price | Total Checkouts | Full call number | Barcode | Date last seen | Copy number | Koha item type |
|---|---|---|---|---|---|---|---|---|---|---|---|---|---|---|---|---|
| Dewey Decimal Classification | Non-fiction | Biblioteca Pública José María del Castillo y Rada | Biblioteca Pública José María del Castillo y Rada | 04/15/2018 | Donación | 0.00 | 323.445 / U515d | 430001552 | 05/16/2024 | Ej.1 | Books |